00749cam a2200241 a 450000100040000000500170000402000150002102000180003604000230005405000230007708200140010010000300011424500820014426000420022630000500026850500080031852000650032652100200039152100210041165000310043265000180046370000260048188220260317110042.0 a0736802487 a9780736882194 aDLCcDLCdDLCbeng00aQL377.C7bS25 199900a593.62211 aSchaefer, Lola M.,d1950-10aSea anemones /cby Lola M. Schaefer ; consulting editor, Gail Saunders-Smith. aMankato, Minn :bPebble Books,c1999. a24 pages. :bcolors. illustrations. ;c19 cm. aD  aIn simple text and illustrations, describes the sea anemone. a180 bLexile  aD bRaz-Plus  0aSea anemonesxNon-fiction. 1aSea anemones.1 aSaunders-Smith, Gail.